LEADER 01238nam a2200253 i 4500 001 000000006896 003 CaOOAMICUS 005 20250827090225.0 008 180830s18841885it u000 u ita u 040 $aSeMil$bita 100 1 $aHettinger, Franz.$0(OLS)http://semarc/name/3575 245 10$aApologia del cristianesimo /$cper Francesco Hettinger ; prima traduzione italiana eseguita sulla 5. tedesca con approvazione dell'Autore per cura dei padri Bonifazio Oslaender e d. Isidoro Donzella. 250 $a2. ed. 264 1$aFirenze :$bGiuseppe Marcheselli,$c1884-1885$e(Firenze :$fTip. galileiana di M. Cellini e C.) 300 $a3 v. ;$c21 cm. 650 4$aApologetica.$0(OLS)http://semarc/subject/703 700 1 $aDonzella, Isidoro,$c.$0(OLS)http://semarc/name/3576 700 1 $aOslaender, Bonifazio,$c.$0(OLS)http://semarc/name/3577 774 0 $t1: Dimostrazione della verità cristiana.$g1$w()61595 774 0 $t2.1: I dommi del cristianesimo.$g2$w()224512 774 0 $t2.2: I dommi del cristianesimo.$g3$w()224513 996 $6245$aApologia del cristianesimo$9(OLS)http://semarc/title/9217 996 $6264$aFirenze :$bGiuseppe Marcheselli$9(OLS)http://semarc/publisher/31887 LEADER 00915nam a2200229 i 4500 001 000000209464 003 CaOOAMICUS 005 20111217000000.0 008 111217n it u000 u ita u 013 $a188254 040 $aSeMil$bita 245 10$aIndustria, arti, commercio e finanze. 300 $aXII, 911 p., [47] c. di tav. 490 0 $aSuperbiblioteca Sansoni 500 $aContiene : Bibliografia. 700 1 $aDavidsohn, Robert.$0(OLS)http://semarc/name/11581 773 0 $aDavidsohn, Robert$tStoria di Firenze.$dFirenze : Sansoni, copyr. 1972-copyr. 1973.$g4$w()26018 773 0 $tPrimordi della civiltà fiorentina.$gParte2$w()26020 830 0$aSuperbiblioteca Sansoni.$0(OLS)http://semarc/title/22765 850 $aSeMil 852 $aSeMil$W1$xVenegono$y1$m3T I 237$j159915$B159915$CSeMilBibl$Z2$F170947 $81 996 $6245$aIndustria, arti, commercio e finanze$9(OLS)http://semarc/title/302788